书目信息 |
| 题名: |
美国
|
|
| 作者: | 董秀丽 编著 | |
| 分册: | ||
| 出版信息: | 北京 旅游教育出版社 1997.7 |
|
| 页数: | 337页 | |
| 开本: | 32开 | |
| 丛书名: | ||
| 单 册: | ||
| 中图分类: | K712.0 | |
| 科图分类: | ||
| 主题词: | 北美洲--历史 | |
| 电子资源: | ||
| ISBN: | 7-5637-0705-0 | |
| 000 | 00604nam0 2200205 45 | |
| 001 | 0103191067 | |
| 005 | 20031219104048.9 | |
| 010 | @a7-5637-0705-0@dCNY11.00 | |
| 100 | @a20010319d1997 km y0chiy0120 ea | |
| 101 | 0 | @achi |
| 105 | @a z 000yy | |
| 200 | 1 | @a美国@AMei Guo@e历史与现状@ELi Shi Yu Xian Zhuang@f董秀丽编著@FDong Xiu Li Bian Zhu |
| 210 | @a北京@c旅游教育出版社@d1997.7 | |
| 215 | @a337页@d32开 | |
| 517 | @a历史与现状@ALi Shi Yu Xian Zhuang | |
| 606 | 0 | @a北美洲@x历史 |
| 690 | @aK712.0@v3 | |
| 701 | 0 | @a董秀丽@4编著 |
| 801 | @aCN@bTSTC@c20010319 | |
| 905 | @b295651-652@dK712.0@e21@f2 | |
| 美国:历史与现状/董秀丽编著.-北京:旅游教育出版社,1997.7 |
| 337页;32开 |
| ISBN 7-5637-0705-0:CNY11.00 |
| ● |
| 相关链接 |
|
|
|
|
正题名:美国
索取号:K712.0/21
 
预约/预借
| 序号 | 登录号 | 条形码 | 馆藏地/架位号 | 状态 | 备注 |
| 1 | 0295651 | 002956518 | 第二借阅区/ [索取号:K712.0/21] | 在馆 | |
| 2 | 0295652 | 002956527 | 第二样本阅览室/ [索取号:K712.0/21] | 在馆 |